Макарьевские чтения. Вып. 16: Христианская символика (Запись № 4734039)

Подробности
000 -МАРКЕР
контрольное поле 02022nam2a2200349 4500
001 - ИДЕНТИФИКАТОР ЗАПИСИ
контрольное поле RU\NLR\bibl\2002416
005 - ИДЕНТИФИКАТОР ВЕРСИИ
контрольное поле 20260408091924.0
035 ## - ДРУГИЕ СИСТЕМНЫЕ НОМЕРА
Идентификатор записи (NLR Aleph) 002068862
100 ## - ДАННЫЕ ОБЩЕЙ ОБРАБОТКИ
Данные общей обработки 20130219d2009 |||y0rusy50 ca
101 0# - ЯЗЫК РЕСУРСА
Язык текста, звукозаписи и т.д. русский
102 ## - СТРАНА ПУБЛИКАЦИИ ИЛИ ПРОИЗВОДСТВА
Страна публикации Российская Федерация
105 ## - ПОЛЕ КОДИРОВАННЫХ ДАННЫХ: ТЕКСТОВЫЕ МАТЕРИАЛЫ, МОНОГРАФИЧЕСКИЕ
Кодированные данные о монографическом текстовом документе y |||||||||
200 1# - ЗАГЛАВИЕ И СВЕДЕНИЯ ОБ ОТВЕТСТВЕННОСТИ
Основное заглавие Христианская символика
Сведения, относящиеся к заглавию материалы XVI Российской научной конференции памяти Святителя Макария
Первые сведения об ответственности [сост.: Л.С. Кертанова, А.К. Крылов]
210 ## - ПУБЛИКАЦИЯ, РАСПРОСТРАНЕНИЕ И ДР.
Дата издания, распространения и т.д. 2009
Место издания, распространения и т.д. Б. м.
215 ## - ФИЗИЧЕСКАЯ ХАРАКТЕРИСТИКА
Специфическое обозначение материала и объем 624 с.
Другие сведения о физической характеристике ил.
300 ## - ОБЩИЕ ПРИМЕЧАНИЯ
Текст примечания Посвящается 600-летию Можайс. Лужец. Богородице-Рождеств. Ферапонтова монастыря
316 ## - ПРИМЕЧАНИЯ ОБ ОСОБЕННОСТЯХ ЭКЗЕМПЛЯРА
Текст примечания С автогр. 2-го сост.
Организация и экземпляр, к которому относится поле NLR
320 ## - ПРИМЕЧАНИЯ О НАЛИЧИИ В ДОКУМЕНТЕ БИБЛИОГРАФИИ / УКАЗАТЕЛЯ
Текст примечания Библиогр. в конце ст.
461 #0 - УРОВЕНЬ НАБОРА
Встроенное поле 001RU\NLR\bibl\114827
-- 2001#$aМакарьевские чтения$vВып. 16
Системный номер (АБИС) связанной записи 638135
Место публикации Можайск
Дата публикации 2000
Первые сведения об ответственности Ред.-сост.: Л.С. Кертанова и др.
Имя издателя, распространителя и т.д. Можайск-Терра
Заглавие Макарьевские чтения
URL https://webservices.nlr.ru/viewer/file?name=p000112430_002.jpg
Номер тома Вып. 16
606 1# - НАИМЕНОВАНИЕ ТЕМЫ КАК ПРЕДМЕТ
Наименование темы Русская филология
Формальный подзаголовок Съезды, совещания и т.п.
Системный номер авторитетной/нормативной записи 1533718
Идентификатор авторитетной/нормативной записи RU\NLR\auth\66969420
606 1# - НАИМЕНОВАНИЕ ТЕМЫ КАК ПРЕДМЕТ
Наименование темы Искусство христианское
Формальный подзаголовок Съезды, совещания и т.п.
Системный номер авторитетной/нормативной записи 1124808
Идентификатор авторитетной/нормативной записи RU\NLR\auth\66126475
606 1# - НАИМЕНОВАНИЕ ТЕМЫ КАК ПРЕДМЕТ
Наименование темы Символика
Формальный подзаголовок Съезды, совещания и т.п.
Тематический подзаголовок в искусстве
Системный номер авторитетной/нормативной записи 1200904
Идентификатор авторитетной/нормативной записи RU\NLR\auth\66486090
686 ## - ИНДЕКСЫ ДРУГИХ КЛАССИФИКАЦИЙ
Индекс Ш041.2я431
686 ## - ИНДЕКСЫ ДРУГИХ КЛАССИФИКАЦИЙ
Индекс Щ03(0)-3я431
686 ## - ИНДЕКСЫ ДРУГИХ КЛАССИФИКАЦИЙ
Индекс Щ03(0)я431
711 12 - НАИМЕНОВАНИЕ ОРГАНИЗАЦИИ - АЛЬТЕРНАТИВНАЯ ОТВЕТСТВЕННОСТЬ
Начальный элемент ввода Российская научная конференция памяти святителя Макария
Порядковый номер временной организации и / или порядковый номер ее части 16
Место проведения временной организации Можайск
Дата проведения временной организации 2009
Системный номер авторитетной/нормативной записи 347228
Идентификатор авторитетной/нормативной записи RU\NLR\AUTH\8810231133
801 #0 - ИСТОЧНИК ЗАПИСИ
Страна Российская Федерация
Организация NLR
Дата составления 20130219
Правила каталогизации RCR
801 #1 - ИСТОЧНИК ЗАПИСИ
Страна Российская Федерация
Организация NLR
Дата составления 20130219
942 ## - ДОПОЛНИТЕЛЬНЫЕ ЭЛЕМЕНТЫ ЗАПИСИ (АБИС)
Тип экземпляра АБИС Книга
980 ## - КОЛЛЕКЦИЯ
Название коллекции Национальная библиография
Экземпляры
Тип экземпляра Дата поступления Источник поступления Библиотека постоянного хранения Библиотека текущего хранения Место хранения Шифр хранения Штрих-код Статус экземпляра
Книга 19.02.2013 Дар РНБ (Московский) РНБ (Московский) Русский книжный фонд: издания с 1957 года 2000-5/3228 1-2449426